000 00697cam a2200157ua 4500
041 _aeng
_h
082 _a683.3
_bIND/GL
110 1 _aIndian Standards Institution .
_b
_c()
245 _aGlossary of terms relating to builders hardware, IS7881(Part 1) /
_cIndian Standards Institution.
_hTextual Documents
250 _a1 /
_b.
260 _aNew Delhi :
_bIndian Standards Institution ,
_c1976.
300 _a19 ; .
504 _a
942 _cBK
999 _c9714
_d9714